000 00936nam a2200265 i 4500
001 47924
003 ES-MaACL
005 20260526162456.0
007 t|
008 030625s2000 mx ||||1| spa d
020 _a968-12-0993-1
080 _a929-054.7(=1.460:72):008
100 1 _aLida, Clara E.,
_81941-
_9243134
245 1 3 _aLa Casa de España y el Colegio de México
_b: memoria 1938-2000 /
_cClara E. Lida, José Antonio Matesanz, Josefina Zoraida Vázquez.
250 _a1ª ed.
260 _aMéxico :
_bEl Colegio de México,
_c2000.
300 _a574 p. ;
_c23 cm.
610 2 7 _aCasa de España en México-
_vHistoria.
_92468
610 2 7 _aColegio de México-
_vHistoria.
_92912
650 4 _aExiliados españoles-
_zMéxico-
_xVida intelectual.
_9160018
700 1 _aMatesanz, José Antonio.
_978997
700 1 _aVázquez, Josefina Zoraida.
_9113365
852 _aES-MaACL
_jL-26438
_bR.131957
999 _c47924
_d47924